Countries with most wc appearances - Statistics

General Stats
  • This quiz has been taken 14 times
  • The average score is 16 of 18
Answer Stats
Hint Answer % Correct
19 appearances Argentina
100%
23 appearances Brazil
100%
21 appearances Germany
100%
18 appearances Italy
100%
18 appearances Mexico
100%
12 appearances Netherlands
100%
17 appearances Spain
100%
17 appearances England
92%
17 appearances France
92%
15 appearances Uruguay
92%
15 appearances Belgium
85%
13 appearances Switzerland
85%
12 appearances USA
85%
10 appearances Czechia
77%
13 appearances Sweden
77%
11 appearances Russia
62%
13 appearances Serbia
54%
12 appearances South Korea
54%
No matching quizzes found
Score Distribution
Percent of People with Each Score
Percentile by Number Answered
Your Score History
You have not taken this quiz